Miesto OPECu na trhu s energetickými zdrojmi diplomová práca

Guardado en:
Detalles Bibliográficos
Autor principal: Pupalová, Michaela
Autor Corporativo: Obchodná fakulta EU. Katedra medzinárodného obchodu
Otros Autores: Obadi, Saleh Mothana
Formato: Libro
Lenguaje:eslovaco
Publicado: Bratislava 2011
Etiquetas: Agregar Etiqueta
Sin Etiquetas, Sea el primero en etiquetar este registro!

MARC

LEADER 00000nam a2200000 4500
001 0147922
005 20230113073931.0
041 0 |a slo 
044 |a SK 
245 1 0 |a Miesto OPECu na trhu s energetickými zdrojmi  |b diplomová práca  |c Michaela Pupalová ; školiteľ: Saleh Mothana Obadi 
264 1 |a Bratislava  |c 2011 
300 |a 119 s. 
100 1 |a Pupalová, Michaela 
700 1 |a Obadi, Saleh Mothana 
710 2 |a Obchodná fakulta EU. Katedra medzinárodného obchodu